Renzo Piano / (Record no. 13769)

MARC details
000 -LEADER
fixed length control field 00733nam a22002297a 4500
003 - CONTROL NUMBER IDENTIFIER
control field OSt
005 - DATE AND TIME OF LATEST TRANSACTION
control field 20221013121114.0
008 - FIXED-LENGTH DATA ELEMENTS--GENERAL INFORMATION
fixed length control field 100324s2009 it a f b 000 0beng d
020 ## - INTERNATIONAL STANDARD BOOK NUMBER
International Standard Book Number 9788864130101
040 ## - CATALOGING SOURCE
Original cataloging agency EG-ScBUE
Language of cataloging eng
Description conventions rda
Transcribing agency EG-ScBUE
Modifying agency EG-ScBUE
082 04 - DEWEY DECIMAL CLASSIFICATION NUMBER
Edition number 22
Classification number 720.92
Item number AGN
100 1# - MAIN ENTRY--PERSONAL NAME
9 (RLIN) 13075
Personal name Agnoletto, Matteo,‏
Dates associated with a name 1972-
Relator term author.
245 10 - TITLE STATEMENT
Title Renzo Piano /
Statement of responsibility, etc Matteo Agnoletto.
250 ## - EDITION STATEMENT
Edition statement First edition.
264 #1 - PUBLICATION, DISTRIBUTION, ETC. (IMPRINT)
Place of publication, distribution, etc Milan :
Name of publisher, distributor, etc Motta,
Date of publication, distribution, etc 2009.
300 ## - PHYSICAL DESCRIPTION
Extent 119 pages :
Other physical details illustrations (some color) ;
Dimensions 27 cm.
490 ## - SERIES STATEMENT
Series statement Minimum
504 ## - BIBLIOGRAPHY, ETC. NOTE
Bibliography, etc Includes bibliographical references.
600 ## - SUBJECT ADDED ENTRY--PERSONAL NAME
9 (RLIN) 13070
Personal name Piano, Renzo.
Source of heading or term BUEsh
650 ## - SUBJECT ADDED ENTRY--TOPICAL TERM
9 (RLIN) 13071
Topical term or geographic name as entry element Architecture
General subdivision History
Chronological subdivision 20th century
Geographic subdivision Italy
942 ## - ADDED ENTRY ELEMENTS (KOHA)
Source of classification or shelving scheme Dewey Decimal Classification
Koha item type Book - Borrowing
Holdings
Withdrawn status Lost status Source of classification or shelving scheme Damaged status Not for loan Collection code Home library Current library Shelving location Date acquired Source of acquisition Cost, normal purchase price Serial Enumeration / chronology Total Checkouts Total Renewals Full call number Barcode Date last seen Date checked out Price effective from Koha item type
    Dewey Decimal Classification     Alahram Central Library Central Library Second Floor 24/03/2010   151.00 31 3 16 720.92 AGN 000020326 15/07/2025 01/11/2015 24/03/2010 Book - Borrowing